| 000 | 00805nam a2200229 a 4500 | ||
|---|---|---|---|
| 001 | 43981 | ||
| 003 | BD-RjUL | ||
| 005 | 20211209053759.0 | ||
| 008 | 160712s1962 ii ||||| |||| 00| 0 ben d | ||
| 020 | _c: IRs 4.00 | ||
| 035 | _a(BD-RjUL)44099 | ||
| 040 |
_aBD-RjUL _bben _cBD-RjUL |
||
| 041 | _aben | ||
| 082 |
_223 _a294.5512 _bDEB 1962 |
||
| 100 |
_aদেবী, ইন্দিরা _9135101 |
||
| 245 | 1 | 0 |
_aবাংলার সাধক বাউল / _cইন্দিরা দেবী |
| 260 |
_aকলিকাতা : _bভারতী বুক স্টল, _c১৯৬২ [১৩৬৯] |
||
| 300 |
_a১৪৮ পৃ. ; _c২১ সেমি. |
||
| 650 |
_aBauls _zBangladesh _9135102 |
||
| 650 |
_aবাউল _zবাংলাদেশ _9124696 |
||
| 942 |
_2ddc _cBK _01 |
||
| 999 |
_c43981 _d43981 |
||